Экономическая оценка месторождений цветных металлов

Detalhes bibliográficos
Autor principal: Гатов Т. А. Теофид Абрамович
Idioma:russo
Publicado em: Москва, Недра, 1975
Assuntos:
Formato: Livro
KOHA link:https://koha.lib.tpu.ru/cgi-bin/koha/opac-detail.pl?biblionumber=72731

MARC

LEADER 00000nam0a2200000 4500
001 72731
005 20231031083815.0
035 |a (RuTPU)RU\TPU\book\77559 
090 |a 72731 
100 |a 20050129d1975 km y0rusy50 ca 
101 0 |a rus 
102 |a RU 
105 |a a z 001zy 
200 1 |a Экономическая оценка месторождений цветных металлов  |f Т. А. Гатов 
210 |a Москва  |c Недра  |d 1975 
215 |a 262 с.  |c ил. 
320 |a Библиогр.: с. 252-259. 
610 1 |a руды 
610 1 |a цветные металлы 
610 1 |a месторождения 
610 1 |a оценка 
610 1 |a экономика 
610 1 |a геология 
610 1 |a минеральное сырье 
675 |a 553.4  |v 3 
700 1 |a Гатов  |b Т. А.  |g Теофид Абрамович 
801 1 |a RU  |b 63413507  |c 20050129  |g PSBO 
801 2 |a RU  |b 63413507  |c 20161108  |g PSBO 
900 |a Разведка и геолого-экономическая оценка МПИ 
942 |c BK